000
00315nam a2200133Ia 4500
005
20251222155049.0
008
251222s9999||||xx |||||||||||||| ||spa||
082
_a
EDUM.61.1-2/Ej.2
100
_a
MERCADO H.Dr Salvador.
245
0
_a
Cómo hacer una tesis
250
_a
1ra. ed.
264
_b
Limusa
942
_c
LIB
999
_c
37210
_d
37210